[Event "Arco op 45th"]
[Site "Arco"]
[Date "2023.10.07"]
[Round "1"]
[White "Steinschuld, Jo"]
[Black "Meyer, Thorsten1"]
[Result "0-1"]
[WhiteElo "1440"]
[BlackElo "1927"]
[PlyCount "44"]
[EventDate "2023.10.07"]
[EventType "swiss"]
[EventRounds "9"]
[EventCountry "ITA"]
[SourceTitle "Mega2024 Update 01"]
[Source "Chessbase"]
[SourceDate "2023.11.12"]
[SourceVersion "1"]
[SourceVersionDate "2023.11.12"]
[SourceQuality "1"]

1. e4 d6 2. d4 Nf6 3. Nc3 g6 4. f4 Bg7 5. Nf3 0-0 6. Be2 e6 7. 0-0 b6 8. Kh1 Bb7 9. Bd3 c5 10. Qe1 Nc6 11. Be3 Ng4 12. Bg1 cxd4 13. Ne2 e5 14. fxe5 dxe5 15. Ng3 Qe7 16. h3 Nh6 17. a3 Rac8 18. Nh2 Nd8 19. Ng4 Nxg4 20. hxg4 Ne6 21. Ne2 Nc5 22. Bf2 Nxe4 0-1

[Event "Arco op 44th"]
[Site "Arco"]
[Date "2022.10.14"]
[Round "7"]
[White "Ratti, Ermanno"]
[Black "Steinschuld, Jo"]
[Result "1-0"]
[WhiteElo "1643"]
[BlackElo "1548"]
[PlyCount "51"]
[EventDate "2022.10.08"]
[EventType "swiss"]
[EventRounds "9"]
[EventCountry "ITA"]
[SourceTitle "CBM 210 Extra"]
[Source "ChessBase"]
[SourceDate "2022.11.30"]
[SourceVersion "1"]
[SourceVersionDate "2022.11.30"]
[SourceQuality "1"]

1. e4 e5 2. Nf3 Nf6 3. Nxe5 d6 4. Nf3 Nxe4 5. d4 d5 6. Bd3 Bd6 7. c4 c6 8. Nc3 Nxc3 9. bxc3 dxc4 10. Bxc4 Bf5 11. 0-0 0-0 12. a4 Nd7 13. Bg5 Qa5 14. Qd2 Nb6 15. Bd3 Bxd3 16. Qxd3 Nd5 17. Bd2 Bf4 18. c4 Bxd2 19. cxd5 Bh6 20. dxc6 bxc6 21. Ne5 Qd5 22. g3 Bg5 23. f4 Bf6 24. Rac1 Rfc8 25. Rc5 Qd6 26. Rfc1 1-0

[Event "Arco op 44th"]
[Site "Arco"]
[Date "2022.10.11"]
[Round "4"]
[White "Bergerhoff, Wilfried"]
[Black "Steinschuld, Jo"]
[Result "1-0"]
[WhiteElo "1729"]
[BlackElo "1548"]
[PlyCount "29"]
[EventDate "2022.10.08"]
[EventType "swiss"]
[EventRounds "9"]
[EventCountry "ITA"]
[SourceTitle "CBM 210 Extra"]
[Source "ChessBase"]
[SourceDate "2022.11.30"]
[SourceVersion "1"]
[SourceVersionDate "2022.11.30"]
[SourceQuality "1"]

1. d4 d5 2. c4 dxc4 3. e4 e6 4. Bxc4 c5 5. d5 exd5 6. Bxd5 Bd6 7. Nf3 Nf6 8. 0-0 Be7 9. Nc3 0-0 10. Bf4 a6 11. Qb3 Nxd5 12. Nxd5 Bd6 13. e5 Bc7 14. Rad1 Nd7 15. Bg5 1-0

[Event "Arco op 43rd"]
[Site "Arco"]
[Date "2021.10.11"]
[Round "3"]
[White "Steinschuld, Jo"]
[Black "Modena, Giorgio"]
[Result "0-1"]
[WhiteElo "1555"]
[BlackElo "1841"]
[PlyCount "66"]
[EventDate "2021.10.09"]
[EventType "swiss"]
[EventRounds "9"]
[EventCountry "ITA"]
[SourceTitle "CBM 204 Extra"]
[Source "ChessBase"]
[SourceDate "2021.11.30"]
[SourceVersion "1"]
[SourceVersionDate "2021.11.30"]
[SourceQuality "1"]

1. e4 e6 2. d4 d5 3. Nd2 dxe4 4. Nxe4 Nd7 5. Nf3 Ngf6 6. Nxf6+ Nxf6 7. c3 Be7 8. Bd3 0-0 9. 0-0 b6 10. Qe2 Bb7 11. Bf4 Qc8 12. Rfe1 c5 13. Be5 Nd7 14. Be4 Nxe5 15. Bxb7 Qxb7 16. dxe5 Rfd8 17. Rad1 h6 18. Nd2 Rd7 19. Nc4 Rad8 20. Rxd7 Qxd7 21. Nd6 Bxd6 22. Rd1 Qe7 23. exd6 Rxd6 24. Rd2 Qd7 25. Rxd6 Qxd6 26. h3 Qd7 27. Qc2 a5 28. a3 c4 29. Qe2 Qd3 30. Qxd3 cxd3 31. Kf1 e5 32. f3 f5 33. g4 e4 0-1

[Event "Arco op 42nd"]
[Site "Arco"]
[Date "2020.10.13"]
[Round "4.49"]
[White "Tahedl, Milo"]
[Black "Steinschuld, Jo"]
[Result "1/2-1/2"]
[WhiteElo "1352"]
[BlackElo "1560"]
[PlyCount "62"]
[EventDate "2020.10.10"]
[EventType "swiss"]
[EventRounds "9"]
[EventCountry "ITA"]
[SourceTitle "CBM 198 Extra"]
[Source "ChessBase"]
[SourceDate "2020.11.30"]
[SourceVersion "1"]
[SourceVersionDate "2020.11.30"]
[SourceQuality "1"]

1. d4 d5 2. c4 dxc4 3. e3 e6 4. Bxc4 Nf6 5. Nf3 c5 6. a3 a6 7. Nc3 b5 8. Ba2 Bb7 9. 0-0 cxd4 10. Nxd4 Bd6 11. Re1 Qc7 12. h3 0-0 13. e4 Nbd7 14. Bg5 Rac8 15. Rc1 Qb8 16. Qe2 Be5 17. Rcd1 Rfd8 18. Qc2 h6 19. Bc1 Nf8 20. Nf3 Rxd1 21. Rxd1 Bxe4 22. Qd2 Bxf3 23. gxf3 Ng6 24. Ne4 Nh4 25. Qd3 Nf5 26. Bb1 Nh5 27. Kh1 Bf4 28. Bd2 Bxd2 29. Qxd2 Nf4 30. Kh2 Nh5+ 31. Kh1 Nf4 1/2-1/2

[Event "Arco op 42nd"]
[Site "Arco"]
[Date "2020.10.10"]
[Round "1.44"]
[White "Steinschuld, Jo"]
[Black "Poschadel, Andreas Gregor"]
[Result "0-1"]
[WhiteElo "1560"]
[BlackElo "1946"]
[PlyCount "67"]
[EventDate "2020.10.10"]
[EventType "swiss"]
[EventRounds "9"]
[EventCountry "ITA"]
[SourceTitle "CBM 198 Extra"]
[Source "ChessBase"]
[SourceDate "2020.11.30"]
[SourceVersion "1"]
[SourceVersionDate "2020.11.30"]
[SourceQuality "1"]

1. e4 c5 2. Nc3 Nc6 3. f4 g6 4. Nf3 Bg7 5. Bb5 e6 6. Bxc6 bxc6 7. d3 d6 8. 0-0 Ne7 9. Qe1 0-0 10. Qg3 Rb8 11. Qh4 f5 12. e5 d5 13. Ng5 h6 14. Nf3 Ba6 15. Na4 Rb4 16. Nxc5 g5 17. Qf2 Bc8 18. fxg5 h5 19. c3 Rb8 20. Qh4 Qe8 21. Qa4 Ra8 22. Re1 Ng6 23. d4 f4 24. Qc2 Rf5 25. Rf1 Bf8 26. Nd3 Ba6 27. Rf2 Bxd3 28. Qxd3 h4 29. Bd2 Rb8 30. Qc2 Rb7 31. Raf1 Rbf7 32. h3 Be7 33. Bxf4 Nxf4 34. Nxh4 0-1

[Event "Calvia Amateur op 15th"]
[Site "Calvia"]
[Date "2018.10.08"]
[Round "3"]
[White "Esbensen, Hans Fredrik"]
[Black "Steinschuld, Jo"]
[Result "1-0"]
[WhiteElo "1651"]
[BlackElo "1551"]
[PlyCount "21"]
[EventDate "2018.10.06"]
[EventType "swiss"]
[EventRounds "9"]
[EventCountry "ESP"]
[SourceTitle "CBM 186 Extra"]
[Source "ChessBase"]
[SourceDate "2018.08.24"]
[SourceVersion "1"]
[SourceVersionDate "2018.08.24"]
[SourceQuality "1"]

1. c4 e5 2. Nc3 Nf6 3. g3 Nc6 4. Bg2 d6 5. d3 h6 6. Nf3 Be7 7. 0-0 0-0 8. Bd2 Bg4 9. h3 Bd7 10. Rc1 Qc8 11. Kh2 1-0

[Event "Calvia Amateur op 11th"]
[Site "Calvia"]
[Date "2014.10.11"]
[Round "8"]
[White "Ferrer Agus, Rodrigo"]
[Black "Steinschuld, Jo"]
[Result "0-1"]
[WhiteElo "1331"]
[BlackElo "1609"]
[PlyCount "44"]
[EventDate "2014.10.04"]
[EventType "swiss"]
[EventRounds "9"]
[EventCountry "ESP"]
[SourceTitle "EXT 2015"]
[Source "ChessBase"]
[SourceDate "2014.11.20"]
[SourceVersion "1"]
[SourceVersionDate "2014.11.20"]
[SourceQuality "1"]

1. e4 e5 2. Nf3 Nc6 3. Bb5 a6 4. Ba4 Nf6 5. Nc3 b5 6. Bb3 Bc5 7. 0-0 0-0 8. d3 h6 9. Nd5 d6 10. h3 Bb7 11. c3 Na5 12. d4 Ba7 13. dxe5 Nxe4 14. Re1 Nxb3 15. Qxb3 Nc5 16. Qd1 dxe5 17. Rxe5 Ne6 18. Nh4 Qxh4 19. Kh2 Bxf2 20. Rh5 Qg3+ 21. Kh1 Bxd5 22. Qxd5 Rad8 0-1

[Event "Calvia Amateur op 11th"]
[Site "Calvia"]
[Date "2014.10.09"]
[Round "6"]
[White "Steinschuld, Jo"]
[Black "Rossello Sanchez, Bartolome"]
[Result "0-1"]
[WhiteElo "1609"]
[BlackElo "1436"]
[PlyCount "42"]
[EventDate "2014.10.04"]
[EventType "swiss"]
[EventRounds "9"]
[EventCountry "ESP"]
[SourceTitle "EXT 2015"]
[Source "ChessBase"]
[SourceDate "2014.11.20"]
[SourceVersion "1"]
[SourceVersionDate "2014.11.20"]
[SourceQuality "1"]

1. e4 b6 2. d4 Bb7 3. Bd3 e6 4. Nf3 d6 5. 0-0 Nd7 6. Nbd2 Be7 7. c3 g5 8. Nb3 h5 9. Qd2 g4 10. Ng5 Nf8 11. Qf4 f6 12. Nxe6 Nxe6 13. Qf5 Nf8 14. d5 a6 15. Nd4 Bc8 16. Qf4 Ng6 17. Qe3 Ne5 18. Nc6 Nxc6 19. dxc6 Be6 20. Rd1 Kf8 21. f4 gxf3 0-1

[Event "Dresden ZMD op-B 21st"]
[Site "Dresden"]
[Date "2012.08.23"]
[Round "6"]
[White "Steinschuld, Jo"]
[Black "Kretschmer, Wolfgang"]
[Result "0-1"]
[WhiteElo "1180"]
[BlackElo "1641"]
[PlyCount "58"]
[EventDate "2012.08.18"]
[EventType "swiss"]
[EventRounds "9"]
[EventCountry "GER"]
[SourceTitle "CBM 150 Extra"]
[Source "ChessBase"]
[SourceDate "2012.10.19"]
[SourceVersion "1"]
[SourceVersionDate "2012.10.19"]
[SourceQuality "1"]

1. e4 Nf6 2. e5 Nd5 3. d4 d6 4. Nf3 Bg4 5. Be2 Nc6 6. c4 Nb6 7. 0-0 e6 8. exd6 cxd6 9. Nc3 Be7 10. d5 Nb8 11. Qd4 Bxf3 12. Bxf3 e5 13. Qg4 g6 14. Bh6 f5 15. Qh3 Bf6 16. Be2 N8d7 17. a4 Nc5 18. a5 Nbd7 19. Nb5 Nf8 20. f4 e4 21. Qa3 a6 22. Nc3 b6 23. b4 Nb7 24. Qa4+ Qd7 25. Qb3 bxa5 26. bxa5 Bd4+ 27. Kh1 Qc7 28. Qb4 Nd7 29. Ra3 Bc5 0-1

[Event "Dresden ZMD op-B 21st"]
[Site "Dresden"]
[Date "2012.08.20"]
[Round "3"]
[White "Steinschuld, Jo"]
[Black "Gerlach, Fabian"]
[Result "0-1"]
[WhiteElo "1180"]
[BlackElo "1670"]
[PlyCount "24"]
[EventDate "2012.08.18"]
[EventType "swiss"]
[EventRounds "9"]
[EventCountry "GER"]
[SourceTitle "CBM 150 Extra"]
[Source "ChessBase"]
[SourceDate "2012.10.19"]
[SourceVersion "1"]
[SourceVersionDate "2012.10.19"]
[SourceQuality "1"]

1. e4 c5 2. Nc3 Nc6 3. g3 g6 4. Bg2 Bg7 5. d3 e6 6. f4 Nge7 7. Nf3 0-0 8. 0-0 d5 9. Qe2 b6 10. Nd1 Ba6 11. c3 dxe4 12. Qxe4 Bxd3 0-1

[Event "Dresden ZMD op"]
[Site "Dresden"]
[Date "2010.07.13"]
[Round "4"]
[White "Steinschuld, Jo"]
[Black "Viereck, Marten"]
[Result "0-1"]
[WhiteElo "1698"]
[BlackElo "1915"]
[PlyCount "52"]
[EventDate "2010.07.10"]
[EventType "swiss"]
[EventRounds "9"]
[EventCountry "GER"]
[SourceTitle "CBM 137 Extra"]
[Source "ChessBase"]
[SourceDate "2010.09.01"]
[SourceVersion "1"]
[SourceVersionDate "2010.09.01"]
[SourceQuality "1"]

1. e4 c5 2. Nc3 Nc6 3. f4 e6 4. Bb5 Nge7 5. Nf3 g6 6. 0-0 Bg7 7. d3 0-0 8. Qe1 Qb6 9. Bxc6 Qxc6 10. Qh4 f6 11. Kh1 d5 12. Bd2 b5 13. e5 Nf5 14. Qe1 Bb7 15. Rd1 b4 16. Ne2 d4 17. Ng3 fxe5 18. fxe5 Qa4 19. Ra1 Qxc2 20. Rc1 Qxd3 21. Rxc5 Nxg3+ 22. hxg3 Bxf3 23. Rxf3 Rxf3 24. gxf3 Qxf3+ 25. Kh2 a5 26. Qc1 Qe2+ 0-1

[Event "Goch op 20th"]
[Site "Goch"]
[Date "2009.10.03"]
[Round "4"]
[White "Steinschuld, Jo"]
[Black "Amarapala, Sherington"]
[Result "0-1"]
[WhiteElo "1689"]
[BlackElo "1190"]
[PlyCount "32"]
[EventDate "2009.10.01"]
[EventType "swiss"]
[EventRounds "7"]
[EventCountry "GER"]
[SourceTitle "EXT 2011"]
[Source "ChessBase"]
[SourceDate "2010.11.26"]
[SourceVersion "1"]
[SourceVersionDate "2010.11.26"]
[SourceQuality "1"]

1. e4 e5 2. Nf3 Nc6 3. Bb5 a6 4. Bxc6 dxc6 5. d4 exd4 6. Nxd4 Bc5 7. Be3 Qf6 8. 0-0 Ne7 9. Nc3 0-0 10. Nf5 Bxe3 11. Nxe3 Be6 12. Qe2 Rad8 13. Rad1 Ng6 14. f3 Nf4 15. Qf2 Qg5 16. a3 Nh3+ 0-1

[Event "Goch op 18th"]
[Site "Goch"]
[Date "2007.10.07"]
[Round "7"]
[White "Steinschuld, Jo"]
[Black "Titgemeyer, Eva Maria"]
[Result "1-0"]
[WhiteElo "1696"]
[BlackElo "864"]
[PlyCount "91"]
[EventDate "2007.10.04"]
[EventType "swiss"]
[EventRounds "7"]
[EventCountry "GER"]
[SourceTitle "EXT 2011"]
[Source "ChessBase"]
[SourceDate "2010.11.26"]
[SourceVersion "1"]
[SourceVersionDate "2010.11.26"]
[SourceQuality "1"]

1. e4 e5 2. Nf3 Nc6 3. Bb5 a6 4. Bxc6 dxc6 5. Nc3 Nf6 6. d4 exd4 7. Qxd4 Qxd4 8. Nxd4 Bg4 9. f3 Bh5 10. Bf4 0-0-0 11. 0-0-0 Bc5 12. Nde2 Rxd1+ 13. Rxd1 Re8 14. Ng3 g6 15. Nge2 Nd7 16. g4 g5 17. Bxg5 Bg6 18. Bf4 Nf6 19. Bg5 Be7 20. Bh6 Bb4 21. Bg5 Nd7 22. Bf4 Bxc3 23. Nxc3 Nc5 24. Ne2 Rd8 25. Rxd8+ Kxd8 26. Be3 Ne6 27. Ng3 b5 28. f4 Nf8 29. f5 Bxf5 30. exf5 a5 31. Kd2 b4 32. Kd3 a4 33. Kc4 a3 34. b3 Kd7 35. Kxb4 Kd6 36. Bc5+ Kd5 37. Bxf8 Kd4 38. Bc5+ Ke5 39. Be3 Kf6 40. Kxa3 Kg7 41. Kb4 Kh8 42. a4 Kg8 43. a5 Kf8 44. a6 Ke8 45. a7 Kd7 46. a8Q 1-0

[Event "Goch op 18th"]
[Site "Goch"]
[Date "2007.10.06"]
[Round "5"]
[White "Steinschuld, Jo"]
[Black "Schorr, Joerg"]
[Result "0-1"]
[WhiteElo "1696"]
[BlackElo "2007"]
[PlyCount "58"]
[EventDate "2007.10.04"]
[EventType "swiss"]
[EventRounds "7"]
[EventCountry "GER"]
[SourceTitle "EXT 2011"]
[Source "ChessBase"]
[SourceDate "2010.11.26"]
[SourceVersion "1"]
[SourceVersionDate "2010.11.26"]
[SourceQuality "1"]

1. e4 c5 2. Nc3 d6 3. f4 Nc6 4. Bb5 a6 5. Bxc6+ bxc6 6. Nf3 Nf6 7. 0-0 e6 8. d3 Be7 9. Qe1 Qc7 10. Qg3 Nd7 11. e5 Rg8 12. exd6 Bxd6 13. Ne4 Be7 14. Be3 Bb7 15. Ne5 c4 16. Nxc4 c5 17. Rad1 0-0-0 18. Qf2 h6 19. Bd2 Rde8 20. Ba5 Qc6 21. a3 f5 22. Nc3 g5 23. Ne5 Nxe5 24. fxe5 g4 25. Qe2 h5 26. d4 cxd4 27. Rxd4 Bc5 28. Rfd1 Rd8 29. Bxd8 Rxd8 0-1

[Event "Goch op 18th"]
[Site "Goch"]
[Date "2007.10.06"]
[Round "4"]
[White "Steinschuld, Jo"]
[Black "Stotyn, Fabian"]
[Result "0-1"]
[WhiteElo "1696"]
[BlackElo "2059"]
[PlyCount "68"]
[EventDate "2007.10.04"]
[EventType "swiss"]
[EventRounds "7"]
[EventCountry "GER"]
[SourceTitle "EXT 2011"]
[Source "ChessBase"]
[SourceDate "2010.11.26"]
[SourceVersion "1"]
[SourceVersionDate "2010.11.26"]
[SourceQuality "1"]

1. e4 e6 2. d4 d5 3. Nd2 c5 4. exd5 exd5 5. Ngf3 Nf6 6. Bb5+ Bd7 7. Bxd7+ Nbxd7 8. 0-0 Be7 9. dxc5 Nxc5 10. c3 0-0 11. Nb3 Nce4 12. Be3 a5 13. Qc2 a4 14. Nbd2 a3 15. b3 Rc8 16. c4 b5 17. Rfd1 Nxd2 18. Nxd2 Qc7 19. Qf5 bxc4 20. bxc4 dxc4 21. Rac1 Rfd8 22. h3 c3 23. Nb3 Rxd1+ 24. Rxd1 Rd8 25. Rc1 Nd5 26. Bd4 Bf6 27. Bc5 Nf4 28. Bb6 Nxh3+ 29. Qxh3 Qxb6 30. Qf3 h6 31. Qe2 Qd6 32. Qc4 Be5 33. Qe4 f5 34. Qc4+ Kh7 0-1

[Event "Goch op 17th"]
[Site "Goch"]
[Date "2006.10.13"]
[Round "3"]
[White "Steinschuld, Jo"]
[Black "Ayad, Amin"]
[Result "0-1"]
[WhiteElo "1696"]
[BlackElo "2060"]
[PlyCount "64"]
[EventDate "2006.10.12"]
[EventType "swiss"]
[EventRounds "7"]
[EventCountry "GER"]
[SourceTitle "EXT 2008"]
[Source "ChessBase"]
[SourceDate "2007.11.25"]
[SourceVersion "1"]
[SourceVersionDate "2007.11.25"]
[SourceQuality "1"]

1. e4 c5 2. Nc3 Nc6 3. f4 g6 4. Bb5 Bg7 5. Nf3 d6 6. 0-0 e6 7. d3 Nge7 8. Qe1 0-0 9. Qh4 f5 10. Bc4 d5 11. exd5 Nxd5 12. Nxd5 exd5 13. Bb3 Be6 14. Qh3 h6 15. c3 Re8 16. Bd2 Qd6 17. Rae1 Bf7 18. Ba4 Rxe1 19. Rxe1 Re8 20. Qg3 Kh7 21. Qh4 Rxe1+ 22. Qxe1 Bf6 23. Bc1 Kg7 24. Bc2 a6 25. Qd2 b5 26. Ne5 Nxe5 27. fxe5 Qxe5 28. Qxh6+ Kg8 29. Qe3 d4 30. cxd4 Qxd4 31. b3 Qa1 32. Qf4 Bb2 0-1